Agricultural Household Model (Record no. 4098)

MARC details
000 -LEADER
fixed length control field 00345nam a22001337a 4500
008 - FIXED-LENGTH DATA ELEMENTS--GENERAL INFORMATION
fixed length control field 250703b |||||||| |||| 00| 0 eng d
020 ## - INTERNATIONAL STANDARD BOOK NUMBER
ISBN 0801831490
100 ## - MAIN ENTRY--AUTHOR
Author SINGH Inderdit
245 ## - TITLE STATEMENT
Title Agricultural Household Model
260 ## - PUBLICATION, DISTRIBUTION, ETC. (IMPRINT)
Place of publication USA.
Name of publisher The John Hopkins University Press
Date of publication 1986
300 ## - COLLATION
Pagination xi, 335p.
942 ## - ADDED ENTRY ELEMENTS (KOHA)
Item type Books
050 ## - LIBRARY OF CONGRESS CALL NUMBER
Classification number HD1542
Item number .S56
Holdings
Source of classification or shelving scheme Not for loan Permanent location Current location Date acquired Accession No. Full call number Barcode. Koha item type
Library of Congress Classification   Samuel Ogbemudia Main Library, University of Abuja Samuel Ogbemudia Main Library, University of Abuja 07/03/2025 NIL HD1542.S56 2025-2830 Books